Manchester United Legends - Statistics

General Stats
  • This quiz has been taken 517 times
  • The average score is 15 of 39
Answer Stats
Years Legend Appearances Goals % Correct
2004-2017 Wayne Rooney 559 253
98%
1990-2014 Ryan Giggs 963 168
90%
1993-2011, 2012-2013 Paul Scholes 718 155
87%
1956-1973 Bobby Charlton 758 249
86%
2003-2009 Cristiano Ronaldo 292 142
86%
1992-2003 David Beckham 394 85
75%
1963-1974 George Best 470 179
73%
2002-2014 Rio Ferdinand 455 8
71%
1992-2011 Gary Neville 602 7
70%
1992-1997 Éric Cantona 182 82
65%
1993-2005 Roy Keane 480 51
62%
1995-2001 Andy Cole 275 121
61%
2001-2006 Ruud van Nistelrooy 219 150
61%
1962-1973 Denis Law 404 237
60%
2006-2018 Michael Carrick 464 24
53%
1996-2007 Ole Gunnar Solskjær 366 126
49%
1990-2002 Denis Irwin 529 33
47%
1980-1986, 1988-1995 Mark Hughes 467 163
46%
1981-1994 Bryan Robson 461 99
43%
1987-1996 Steve Bruce 414 51
40%
1989-1998 Gary Pallister 437 15
31%
1987-1998 Brian McClair 471 127
22%
1953-1962 Dennis Viollet 293 179
18%
1966-1978 Alex Stepney 539 0
16%
1951-1970 Bill Foulkes 688 9
14%
1937-1955 Jack Rowley 424 211
12%
1973-1984 Lou Macari 401 97
12%
1919-1933 Joe Spence 510 168
11%
1953-1958 Tommy Taylor 191 131
11%
1972-1983 Martin Buchan 456 4
10%
1961-1968 David Herd 265 145
8%
1971-1982 Sammy McIlroy 419 71
8%
1960-1973 Tony Dunne 535 2
8%
1974-1988 Arthur Albiston 485 7
7%
1936-1954 Stan Pearson 343 148
7%
1906-1915 Sandy Turnbull 247 101
6%
1906-1915 George Wall 319 100
4%
1893-1900 Joe Cassidy 174 100
3%
1919-1934 Jack Silcock 449 2
2%
No matching quizzes found
Score Distribution
Percent of People with Each Score
Percentile by Number Answered
Your Score History
You have not taken this quiz